Spracovanie obrazových medicínskych dát metódami počítačového videnia a hlbokých neurónových sietí

Saved in:
Bibliographic Details
Main Author: Popovcová, Zuzana (Author)
Other Authors: Benešová, Vanda (Thesis advisor)
Format: Manuscript Book
Language:Slovak
English
Published: 2020
Subjects:
Online Access:http://is.stuba.sk/zp/portal_zp.pl?podrobnosti=142127
Tags: Add Tag
No Tags, Be the first to tag this record!

MARC

LEADER 00000ntm a22000003a 4500
001 stuzp80614
003 SK-STU
005 20200620212001.3
007 ta
008 150427s2015----xo-----f-mn---000-0-slo-d
040 |a STU  |b slo 
041 0 |a eng 
100 1 |a Popovcová, Zuzana  |u 070400  |4 aut  |U FIIT Fakulta informatiky a informačných technológií  |T FIIT Ústav počítačového inžinierstva a aplikovanej informatiky  |X 92132  |U I400  |Y 672  |7 92132 
242 0 1 |a Spracovanie obrazových medicínskych dát metódami počítačového videnia a hlbokých neurónových sietí  |y slo 
245 1 0 |a Spracovanie obrazových medicínskych dát metódami počítačového videnia a hlbokých neurónových sietí 
260 |c 2020 
650 4 |a U-net  |2 slo 
650 4 |a spracovanie medicínskych dát  |2 slo 
650 4 |a hlboké neurónové siete  |2 slo 
650 4 |a segmentácia  |2 slo 
650 4 |a deep neural networks  |2 eng 
650 4 |a segmentation  |2 eng 
650 4 |a U-net  |2 eng 
650 4 |a medical image processing  |2 eng 
700 1 |a Benešová, Vanda  |u 070400  |k Z1  |4 ths  |U FIIT Fakulta informatiky a informačných technológií  |T FIIT Ústav počítačového inžinierstva a aplikovanej informatiky  |X 63121  |U I400  |Y 672  |7 63121 
856 4 |u http://is.stuba.sk/zp/portal_zp.pl?podrobnosti=142127